00361 2200145 4500001002100000005001500021035002000036245004900056100002200105250000600127260003600133082000800169084001400177990002400191INLIS00000000000246020250604104528 a0010-06250000461 aSengsara Membawa Nikmat /cTulis Sultan Sati0 aTulis Sultan Sati a1 aJakarta :bBalai Pustaka,c2002 a813 a813 TUL s a02.1840 s/d 02.1849